Charles de Coster / (Record no. 78165)

MARC details
000 -LEADER
campo de control de longitud fija 00460nam a2200169 i 4500
001 - NÚMERO DE CONTROL
campo de control 78165
003 - IDENTIFICADOR DE NÚMERO DE CONTROL
campo de control ES-MaACL
005 - FECHA Y HORA DE LA ÚLTIMA TRANSACCIÓN
campo de control 20230906173554.0
007 - CAMPO FIJO DE DESCRIPCIÓN FÍSICA--INFORMACIÓN GENERAL
campo de control de longitud fija t|
008 - DATOS DE LONGITUD FIJA--INFORMACIÓN GENERAL
campo de control de longitud fija 041011s1928 fr ||||1| fre d
100 1# - ENTRADA PRINCIPAL--NOMBRE DE PERSONA
Nombre de persona Hanse, Joseph.
9 (RLIN) 61755
245 10 - MENCIÓN DEL TÍTULO
Título Charles de Coster /
Mención de responsabilidad, etc. Joseph Hanse.
260 ## - PUBLICACIÓN, DISTRIBUCIÓN, ETC.
Lugar de publicación, distribución, etc. Liége :
Nombre del editor, distribuidor, etc. [s.n.,
Fecha de publicación, distribución, etc. 1928] (
Fabricante Imp. Vaillant-Carmanne)
300 ## - DESCRIPCIÓN FÍSICA
Extensión 386 p. ;
Dimensiones 25 cm.
600 04 - PUNTO DE ACCESO ADICIONAL DE MATERIA--NOMBRE DE PERSONA
Nombre de persona Coster, Charles de.
9 (RLIN) 41145
852 ## - LOCALIZACIÓN
Ubicación ES-MaACL
Número de control de estantería A-3788
Holdings
Estatus retirado Estado de pérdida Estado de daño No para préstamo Biblioteca de origen Biblioteca actual Ubicación en estantería Fecha de adquisición Fuente de adquisición Total de préstamos Signatura topográfica completa Código de barras Visto por última vez Precio de reemplazo Tipo de ítem Koha
        Biblioteca del Ateneo de Madrid Biblioteca del Ateneo de Madrid Sala Pecera Planta 1 17/01/2008     A-3788 1081768 23/02/2023 23/02/2023 Libro impreso